Anime Movies - Sudden Death - Statistics

General Stats
  • This quiz has been taken 1,982 times
    355 since last reset
  • The average score is 3 of 14
Answers on the Grid
Answers color-coded by a green-red scale on the quiz's grid according to % correct below.
Ninja Scroll
Psycho-Pass
The Cat Returns
Hellsing
Barefoot Gen
Hunter x Hunter
Steins;Gate
Wicked City
Space Dandy
91 Days
The Wind Rises
Odd Taxi
Claymore
Blue Giant
Summer Wars
The Rose of Versailles
Arion
Golden Kamuy
Terror in Resonance
Venus Wars
Saint Seiya
A Silent Voice
Cat Soup
Yuri on Ice
Captain Tsubasa
Silver Fang
Tales from Earthsea
Baccano!
Desert Punk
Wolf Children
Mononoke
Wolf's Rain
Angel's Egg
 
Answer Stats
Answer % Correct
A Silent Voice
68%
Wolf Children
34%
The Cat Returns
27%
The Wind Rises
27%
Tales from Earthsea
20%
Angel's Egg
17%
Summer Wars
15%
Blue Giant
13%
Ninja Scroll
12%
Wicked City
8%
Barefoot Gen
7%
Cat Soup
6%
Arion
5%
Venus Wars
5%
No matching quizzes found
Score Distribution
Percent of People with Each Score
Percentile by Number Answered
Your Score History
You have not taken this quiz since the last reset